The Economics of Central America /
Salvato in:
| Autore principale: | |
|---|---|
| Natura: | testo |
| Soggetti: | |
| Tags: |
Aggiungi Tag
Nessun Tag, puoi essere il primo ad aggiungerne!!
|
MARC
| LEADER | 00000 a a2200000 04500 | ||
|---|---|---|---|
| 001 | 42893 | ||
| 003 | |||
| 040 | |||
| 100 | |a Bulmer-Thomas, Victor | ||
| 245 | |a The Economics of Central America / |c Victor Bulmer-Thomas | ||
| 650 | |a MODELOS ECONOMICOS | ||
| 650 | |a EXPORTACIONES | ||
| 650 | |a MERCADOS COMUNES | ||
| 650 | |a POLITICA ECONOMICA | ||
| 650 | |a EXPLOTACION AGRICOLA | ||
| 773 | |g volumen23, número3 (1988), páginas 154-169 | ||
| 999 | |c 23198 |d 23198 | ||
